|
|
|
|
| LEADER |
00000nab a2200000 a 4500 |
| 001 |
vtls000572502 |
| 003 |
SK-MaSNL |
| 005 |
20260305014454.0 |
| 008 |
120929c1996 xo 0 slo |
| 015 |
|
|
|a SNBRB19rr/mm-uuuuu
|
| 035 |
|
|
|a CL0572640
|
| 040 |
|
|
|a SNKBUCL
|b slo
|c SNKBUCL
|e AACR2
|
| 041 |
0 |
|
|a slo
|
| 044 |
|
|
|a xo
|c SK
|
| 080 |
|
|
|a 378.4(437.6)
|2 1981
|
| 100 |
1 |
|
|a Horáková, Jarmila
|4 aut
|9 354683
|
| 245 |
1 |
0 |
|a Riaditeľku Academie Istropolitana odvolali bez udania dôvodu
|c Jarmila Horáková
|
| 610 |
2 |
7 |
|a Academia Istropolitana
|2 snkbucl
|9 34588
|
| 655 |
|
7 |
|a články z novín a časopisov
|2 snkbucl
|9 267496
|
| 700 |
1 |
|
|a Brunovská, Alena,
|d 1941-1998
|4 aut
|9 42495
|
| 773 |
0 |
|
|t Národná obroda
|g Roč. 7, č. 23 (29. 1. 1996), s. 2
|
| 850 |
|
|
|a Slovenská národná knižnica v Martine
|a MTA001
|
| 852 |
|
|
|a SNK
|b KIS3GCP
|
| 958 |
|
|
|a RK
|
| 992 |
|
|
|a RBX
|
| 999 |
|
|
|c 3269813
|d 3271743
|